[Event "IECC CL5-2009.15 email"]
[Site "IECC email"]
[Date "2009.07.23"]
[Round "?"]
[White "Hendricks, Richard"]
[Black "Bocharov, Rosislav"]
[Result "1-0"]
[WhiteElo "1522"]
[BlackElo "1483"]
[PlyCount "47"]
[EventDate "2009.??.??"]
[EventType "tourn (corr)"]
[EventRounds "4"]
[SourceTitle "Telechess CBM 137"]
[Source "ChessBase"]
[SourceDate "2010.07.15"]
[SourceVersion "1"]
[SourceVersionDate "2010.07.15"]
[SourceQuality "1"]
[WhiteTeam "US of America"]
[BlackTeam "Bulgaria"]
[WhiteTeamCountry "USA"]
[BlackTeamCountry "BUL"]

1. e4 c5 2. Nf3 d6 3. g3 Nc6 4. Bg2 Nf6 5. d3 g6 6. 0-0 Bg7 7. c3 0-0 8. Re1 e5 9. Na3 Qb6 10. Nc4 Qc7 11. Ne3 Bd7 12. Bd2 b6 13. Nd5 Qb7 14. Bg5 Nxd5 15. exd5 Na5 16. b4 e4 17. Rxe4 Bxc3 18. bxa5 Qxd5 19. Bh6 Bg7 20. Bxg7 Kxg7 21. Re7 Rad8 22. Ne5 Qd4 23. Nxd7 Rxd7 24. Rxd7 1-0